000 00727nam a22002057a 4500
999 _c16103
_d16103
003 AR-CdUCM
008 190502b ||||| |||| 00| 0 spa d
040 _aMUNICIPALIDAD PROVINCIAL DEL CUSCO
_cBIBLIOTECA MUNICIPAL DEL CUSCO
082 _a325.32 /
_bV95
100 _aVorholzer, J y otros
_935382
245 _aLa manipulación del hombre por el imperialismo /
260 _aMéxico :
_bGrijalbo,
_c1974.
300 _a155 paginas ;
_c19 cm.
505 _aContenido : La opinión pública manipulada - Anticomunismo y psicología de masas - Trabajo político de masas /
650 _aImperialismo
_93454
650 _aDoctrina
_91208
650 _aSurgimiento
_935383
942 _2ddc
_cLIBROS
945 _arjall
_d2019-05-02